Poesías de Don Juan Valera. (Record no. 166906)

MARC details
000 -LEADER
campo de control de longitud fija 00675nam a2200193 i 4500
001 - NÚMERO DE CONTROL
campo de control 166906
003 - IDENTIFICADOR DE NÚMERO DE CONTROL
campo de control ES-MaACL
005 - FECHA Y HORA DE LA ÚLTIMA TRANSACCIÓN
campo de control 20231223063114.0
008 - DATOS DE LONGITUD FIJA--INFORMACIÓN GENERAL
campo de control de longitud fija 960320s1858 sp |||| | spa d
080 ## - NÚMERO DE LA CLASIFICACIÓN DECIMAL UNIVERSAL
Número de la Clasificación Decimal Universal 821.134.2-14"18"
100 1# - ENTRADA PRINCIPAL--NOMBRE DE PERSONA
Nombre de persona Valera, Juan,
Fechas asociadas al nombre 1824-1905
9 (RLIN) 112638
245 10 - MENCIÓN DEL TÍTULO
Título Poesías de Don Juan Valera.
260 ## - PUBLICACIÓN, DISTRIBUCIÓN, ETC.
Lugar de publicación, distribución, etc. Madrid :
Nombre del editor, distribuidor, etc. [s.n.],
Fecha de publicación, distribución, etc. 1858 (
Fabricante Imp. de M. Rivadeneyra)
300 ## - DESCRIPCIÓN FÍSICA
Extensión XIX, 252 p. ;
Dimensiones 18 cm.
530 ## - NOTA DISPONIBLE DE FORMULARIO FÍSICO ADICIONAL
Nota de formato físico adicional disponible Disponible en formato digital.
852 ## - LOCALIZACIÓN
Ubicación ES-MaACL
Número de control de estantería D-1857
Nota libre - Enc. hol.
856 ## - LOCALIZACIÓN Y ACCESO ELECTRÓNICOS
Identificador Uniforme de Recursos <a href="http://www.bibliotecavirtualdeandalucia.es/catalogo/es/consulta/registro.do?id=1013543">http://www.bibliotecavirtualdeandalucia.es/catalogo/es/consulta/registro.do?id=1013543</a>
Nota pública Biblioteca Virtual de Andalucía
Holdings
Estatus retirado Estado de pérdida Estado de daño No para préstamo Colección Biblioteca de origen Biblioteca actual Ubicación en estantería Fecha de adquisición Fuente de adquisición Total de préstamos Signatura topográfica completa Código de barras Visto por última vez Precio de reemplazo Tipo de ítem Koha
        Colección digital Biblioteca del Ateneo de Madrid Biblioteca del Ateneo de Madrid Sala Valle Inclán 17/01/2008     D-1857 901175079 23/02/2023 23/02/2023 Libro impreso antiguo